Highest Rated NBA 2K16 Playoff Cards - Statistics

General Stats
  • This quiz has been taken 177 times
  • The average score is 7 of 14
Answer Stats
Rating Answer % Correct
99 Lebron James
100%
99 Stephen Curry
93%
97 Kevin Durant
77%
98 Kyrie Irving
72%
97 Russell Westbrook
69%
97 Klay Thompson
65%
96 James Harden
60%
96 Draymond Green
55%
96 Kawhi Leonard
48%
97 Damian Lillard
36%
96 Isaiah Thomas
23%
96 Karl-Anthony-Towns
18%
96 Paul Milsap
12%
96 LaMarcus Aldrige
4%
No matching quizzes found
Score Distribution
Percent of People with Each Score
Percentile by Number Answered
Your Score History
You have not taken this quiz